LEADER 01171oam 2200421 450 001 9910555248803321 005 20210820191407.0 010 $a3-527-82358-1 010 $a3-527-82356-5 010 $a3-527-82357-3 035 $a(CKB)4100000011778598 035 $a(MiAaPQ)EBC6499988 035 $a(EXLCZ)994100000011778598 100 $a20210820d2021 uy 0 101 0 $aeng 135 $aurcnu|||||||| 181 $ctxt$2rdacontent 182 $cc$2rdamedia 183 $acr$2rdacarrier 200 00$aTotal chemical synthesis of proteins /$fedited by Lei Liu, Ashraf Brik, Philip Dawson 210 1$aWeinheim, Germany :$cWiley-VCH,$d[2021] 210 4$d©2021 215 $a1 online resource (627 pages) 311 $a3-527-34660-0 606 $aProteins$xSynthesis 608 $aElectronic books. 615 0$aProteins$xSynthesis. 676 $a574.19296 702 $aLiu$b Lei 702 $aBrik$b Ashraf 702 $aDawson$b Philip 801 0$bMiAaPQ 801 1$bMiAaPQ 801 2$bUtOrBLW 906 $aBOOK 912 $a9910555248803321 996 $aTotal chemical synthesis of proteins$92820784 997 $aUNINA LEADER 01896nam 2200397 450 001 9910141791603321 005 20231206194532.0 010 $a0-7381-5705-8 024 7 $a10.1109/IEEESTD.2008.4449092 035 $a(CKB)2670000000414638 035 $a(NjHacI)992670000000414638 035 $a(EXLCZ)992670000000414638 100 $a20231206d2008 uy 0 101 0 $aeng 135 $aur||||||||||| 181 $ctxt$2rdacontent 182 $cc$2rdamedia 183 $acr$2rdacarrier 200 10$aIEEE Guide for Test and Evaluation of Lead-Acid Batteries Used in Photovoltaic (PV) Hybrid Power Systems /$fInstitute of Electrical and Electronics Engineers 210 1$aNew York :$cIEEE,$d2008. 215 $a1 online resource (vii, 8 pages) 311 $a0-7381-5706-6 330 $aThis guide is specifically prepared for a PV/engine generator hybrid power system, but may also be applicable to all hybrid power systems where there is at least one renewable power source, such as PV, and a dispatchable power source, such as an engine generator. Tapercharge parameters for PV hybrid systems are suggested to help in preparing the battery for a capacity test. 517 $a1661-2007 - IEEE Guide for Test and Evaluation of Lead-Acid Batteries Used in Photovoltaic 517 $aIEEE Std 1661-2007: IEEE Guide for Test and Evaluation of Lead-Acid Batteries Used in Photovoltaic (PV) Hybrid Power Systems 517 $aIEEE Std 1661-2007 517 $aIEEE Guide for Test and Evaluation of Lead-Acid Batteries Used in Photovoltaic 606 $aPhotoelectric cells 615 0$aPhotoelectric cells. 676 $a537.53 801 0$bNjHacI 801 1$bNjHacl 906 $aDOCUMENT 912 $a9910141791603321 996 $aIEEE Guide for Test and Evaluation of Lead-Acid Batteries Used in Photovoltaic (PV) Hybrid Power Systems$92574586 997 $aUNINA